000 00264nam a22001217a 4500
008 181019b xxu||||| |||| 00| 0 eng d
041 _aeng
080 _a611
100 _a6
101 _aANA
245 _aA Textbook of Physiology
_cFulton,J.F
942 _2udc
_cBK
999 _c50210
_d50210